000 00659nam a2200229Ia 4500
003 GCL
008 140319s9999 xx 000 0 ara d
040 _aGCL /
_cGCL
082 0 4 _a194
_bك ع
100 1 _aجابر عصفور
245 1 0 _aعصر البنيوية /
_cجابر عصفور
700 1 _aكريزويل، اديث
260 _a[S.N] :
_bدار سعاد الصباح ،
_c1991
300 _a419 ص
490 _aافاق العصر
_v0
650 0 4 _aالادب
650 0 4 _aاللغة العربية
650 0 4 _aالانثربولوجيا
650 0 4 _aالبنيوية
650 0 4 _aالاجتماع، علم
942 _2ddc
_cBK
999 _c35116
_d35116